Making Peace Prevail (Record no. 15375)

MARC details
000 -LEADER
fixed length control field 00655nam a2200241 a 4500
020 ## - INTERNATIONAL STANDARD BOOK NUMBER
ISBN 0815629
082 00 - DEWEY DECIMAL CLASSIFICATION NUMBER
Classification number 303.66
Author Cutter ACK
100 ## - MAIN ENTRY--AUTHOR NAME
Author name Ackermann, Alice
245 ## - TITLE STATEMENT
Title Making Peace Prevail
Sub title Preventing Violent Conflict in Macedonia
260 ## - PUBLICATION, DISTRIBUTION, ETC. (IMPRINT)
Place of publication New York
Name of publisher Syracuse University Press
Year of publication 2000
300 ## - PHYSICAL DESCRIPTION
Number of Pages 217p
500 ## - GENERAL NOTE
General note includes index and biblioraphy
505 2# - FORMATTED CONTENTS NOTE
Formatted contents note Bibliography, Index, Notes
650 ## - SUBJECT ADDED ENTRY--TOPICAL TERM
Topical Term Peace-Making
942 ## - ADDED ENTRY ELEMENTS (KOHA)
Koha item type Books
700 1# -
-- Ackermann, Alice
Holdings
Home library Current library Date acquired Cost, normal purchase price Full call number Accession Number Koha item type
Henry Martyn Institute Library Henry Martyn Institute Library 04/12/2011 575.00 303.66 ACK 021006 Books
                   Copyright © 2026 | Henry Martyn Institute | Hyderabad | TS-500052 | INDIA | Implemented by hmi.edu.in
Hit-Count:

Powered by Koha